Регионална библиотека "Любен Каравелов" - Русе

Тайните на инквизицията (Запис номер 157076)

MARC детайли
000 -Лидер
Контролно поле с фиксирана дължина 01394nam a2200313 c 4500
003 - Код на организацията, давaща контролен номер
Контролно поле BLK
005 - Дата и час на последна редакция
Контролно поле 20180422113508.0
008 - Елементи от данни с фиксирана дължина
fixed length control field 180410b bul|||||r ||||||| ||bul||
010 ## - Наследен системен номер
LC control number KNG00164017000
040 ## - Източник на каталожния запис
Идентификатор на билиотеката - собственик на записа BLK
041 ## - Код за език
Код за езика на текст/звукозапис или на отделно заглавие Български
Код за езика КДБФ Български
072 #7 - Код за тематичната категория
Код организация bullib
Код за тематична категория С
Текст Старопечатен фонд
080 ## - УДК
Текстов определител УДК Френска литература
УДК код - определител по УДК 821.133.1
УДК определител -31
УДК - код + определител 821.133.1-31
100 1# - Редна дума - Автор
Автор Фереал, Виктор дьо
Авторска отговорност първи автор
R(LIN) 133716
139 ## - Редно поле
Редна дума Фереал, В.
Авторски знак Фер - Ф 40
245 10 - Сведения за заглавието
Заглавие Тайните на инквизицията
Подзаглавни данни [Ч. 1-2.] / От В. де Фереаля ; Със забележки от М. де Куендиаса ; Превод Н. Михайловскаго
Редно поле (дума) Виктор дьо Фереал; * М. де Куендиас; * Никола Стоянов Михайловски.
Том Ч. 2
257 ## - Страна на издаване
Страна на създаване/издаване Франция
260 ## - Област на издателските данни
-- Цариград
Име на издателя, разпространителя и проч. Н. Тодоров и С. П. Газиев
Година на издаване 1875 -
Печатница Цариград : В печ. на О. Кавафиян
380 ## - Жанр
Жанр Худож. лит.
659 ## - Тематичен бюлетин
Тематичен бюлетин С
700 1# - Други автори (авторска отговорност)
Лично име Куендиас, М. де
Автороска отговорност (Описва отношението между автора и произведението) *
9 (RLIN) 85160
700 1# - Други автори (авторска отговорност)
Лично име Михайловски, Никола Стоянов
Автороска отговорност (Описва отношението между автора и произведението) *
9 (RLIN) 380238
760 1# - Описание на основната серия
Редна дума на основното описание Фереал, Виктор дьо
Място на издаване, издател и година 1877
Страници - том 222, [1] с.
Заглавие Ч. 2
852 ## - Местоположение
Форматна сигнатура Цб Ст 5283*1793
856 4# - Електронен адрес и достъп
Електронен формат pdf - файл
Път до файла /url/
856 4# - Електронен адрес и достъп
Електронен формат pdf - файл
Път до файла /url/
942 ## - АРТИКУЛИ
Вид на библиотечния материал Книги
Скрит в OPAC Не
944 ## - СЪЗДАВАНЕ И РЕДАКЦИЯ на ЗАПИСА
Създаване/Редакция Създаване
Дата на регистрацията/редакция 11.08.2014
Служител, извършил регистрацията/редакцията Теодора_Стоянова
944 ## - СЪЗДАВАНЕ И РЕДАКЦИЯ на ЗАПИСА
Създаване/Редакция Редакция
Дата на регистрацията/редакция 11.08.2014
Служител, извършил регистрацията/редакцията
999 ## - СИСТЕМНИ КОНТРОЛНИ НОМЕРА
Koha biblionumber 157076
Koha biblioitemnumber 157076
Наличности
Код за отписване Код за изгубен артикул Източник на класификационната схема Код за повреда Коз за рестрикции Код за отдаване Артикулен № Име на библиотеката - собственик Име на библиотеката, в която се намира в момента Статус (Текущо местоположение) Дата на вписване в системата Местоположение - отдел Цена в лева Инвентарен номер Систематично азбучна сигнатура Баркод Номер на екземпляра Цена в евро Служебна бележка Служебен тип на артикула
  Не е изгубен Universal Decimal Classification Не е повреден само за читалня Специални фондове ( старопечатни, редки и ценни, фонд М. Арнаудов) 263149 Регионална библиотека "Любен Каравелов" Русе Регионална библиотека "Любен Каравелов" Русе Старопечатен фонд 2000-01-01 Старопечатен фонд 3.00 3878/66-ст Цб Ст 5283*1793 900000000465 1 1.53 Дост: DA Вид: А N: стар фонд Дата: 01.01.2000 Дата инв: 02.04.2018 Бележки инв: СТ2018 Книги
Vip Innovations Ltd, Rousse, Bulgaria 2025